000 00365nam a2200145Ia 4500
008 200103s9999||||xx |||||||||||||| ||und||
040 _aIMU-MPC
082 _aColumn-6
100 _aMcNair, William Lennox
245 0 _aScrutton on Charterparties and Bills of lading
250 _a17th Ed.
260 _bSweet & Maxwell
_c1964
300 _axcvi, 599
942 _cBK
999 _c3638
_d3638